<?xml version="1.0" encoding="UTF-8"?>
<record
    xmlns:xsi="http://www.w3.org/2001/XMLSchema-instance"
    xsi:schemaLocation="http://www.loc.gov/MARC21/slim http://www.loc.gov/standards/marcxml/schema/MARC21slim.xsd"
    xmlns="http://www.loc.gov/MARC21/slim">

  <leader>00698nam a22001937a 4500</leader>
  <datafield tag="999" ind1=" " ind2=" ">
    <subfield code="c">185124</subfield>
    <subfield code="d">185124</subfield>
  </datafield>
  <controlfield tag="005">20220128122451.0</controlfield>
  <datafield tag="010" ind1=" " ind2=" ">
    <subfield code="a">UR-11413</subfield>
  </datafield>
  <datafield tag="020" ind1=" " ind2=" ">
    <subfield code="c">128.00</subfield>
    <subfield code="a">9789390533145</subfield>
  </datafield>
  <datafield tag="035" ind1=" " ind2=" ">
    <subfield code="a">U-9968</subfield>
  </datafield>
  <datafield tag="037" ind1=" " ind2=" ">
    <subfield code="b">DBAD/PUB</subfield>
    <subfield code="a">dpl</subfield>
  </datafield>
  <datafield tag="082" ind1=" " ind2=" ">
    <subfield code="a">270.920</subfield>
  </datafield>
  <datafield tag="100" ind1=" " ind2=" ">
    <subfield code="a">&#x645;&#x62D;&#x645;&#x62F; &#x645;&#x646;&#x64A;&#x641; &#x627; &#x644;&#x62F; &#x64A;&#x646; &#x642;&#x631; &#x64A;&#x634;&#x6CC; </subfield>
  </datafield>
  <datafield tag="245" ind1=" " ind2=" ">
    <subfield code="a">&#x62E;&#x632; &#x627; &#x64A;&#x646; &#x627; &#x644;&#x627; &#x646;&#x648; &#x627; &#x631; </subfield>
    <subfield code="c">&#x645;&#x62D;&#x645;&#x62F; &#x645;&#x646;&#x64A;&#x641; &#x627; &#x644;&#x62F; &#x64A;&#x646; &#x642;&#x631; &#x64A;&#x634;&#x6CC; </subfield>
  </datafield>
  <datafield tag="246" ind1=" " ind2=" ">
    <subfield code="b">&#x200F;Khaza-e-Nul Anwaar (Urdu)</subfield>
    <subfield code="a">by M. Munifuddin Qureshi</subfield>
  </datafield>
  <datafield tag="260" ind1=" " ind2=" ">
    <subfield code="a">Delhi </subfield>
    <subfield code="b">Educational Publishing House</subfield>
    <subfield code="c">2020 &#x621;</subfield>
  </datafield>
  <datafield tag="270" ind1=" " ind2=" ">
    <subfield code="a">3191,Vakil Street,Kucha Pandit,Lal Kuan,</subfield>
    <subfield code="b">Delhi </subfield>
    <subfield code="e">110006</subfield>
    <subfield code="k">23216162</subfield>
    <subfield code="l">-</subfield>
  </datafield>
  <datafield tag="300" ind1=" " ind2=" ">
    <subfield code="a">198 &#x635; </subfield>
    <subfield code="c">22 Cm(Hb)</subfield>
  </datafield>
  <datafield tag="942" ind1=" " ind2=" ">
    <subfield code="2">ddc</subfield>
    <subfield code="c">UR</subfield>
    <subfield code="h">270.920</subfield>
    <subfield code="m">&#x645; &#x62D; &#x645;</subfield>
  </datafield>
  <datafield tag="952" ind1=" " ind2=" ">
    <subfield code="0">0</subfield>
    <subfield code="1">0</subfield>
    <subfield code="4">0</subfield>
    <subfield code="7">1</subfield>
    <subfield code="8">NFIC</subfield>
    <subfield code="a">DBAD</subfield>
    <subfield code="b">L</subfield>
    <subfield code="d">2022-01-28</subfield>
    <subfield code="e">DBAD/PUB</subfield>
    <subfield code="g">128.00</subfield>
    <subfield code="l">0</subfield>
    <subfield code="o">270.920 &#x645; &#x62D; &#x645;</subfield>
    <subfield code="p">U-9968</subfield>
    <subfield code="r">2022-01-28 00:00:00</subfield>
    <subfield code="t">1</subfield>
    <subfield code="v">128.00</subfield>
    <subfield code="w">2022-01-28</subfield>
    <subfield code="y">UR</subfield>
  </datafield>
</record>
